[Event "C.to Europeo U08"]
[Site "Albena BUL"]
[Date "2011.09.14"]
[Round "4"]
[White "Ismayilov, Mahammad Ilham Oglu"]
[Black "Verdelli, Eitan"]
[WhiteElo "1835"]
[BlackElo "1476"]
[Result "1-0"]
[PlyCount "126"]
[EventDate "2011.09.11"]

1. e4 e5 2. Nf3 Nc6 3. d4 exd4 4. Nxd4 Nf6 5. Nc3 Bc5 6. Be3 Bxd4 7. Bxd4 O-O
8. Be2 d6 9. O-O h6 10. Bb5 Bd7 11. Be3 a6 12. Bxc6 Bxc6 13. Qe2 Re8 14. f3 Qd7
15. Qd2 Re7 16. Qd4 Qe6 17. Rfe1 Qe5 18. Qxe5 dxe5 19. Rad1 Rb8 20. Bc5 Ree8
21. Nd5 Bxd5 22. exd5 b6 23. Bb4 a5 24. Bc3 Nd7 25. d6 c6 26. Rd2 f6 27. Rde2
Rbd8 28. f4 Kf8 29. fxe5 fxe5 30. Rf2+ Kg8 31. Rf5 c5 32. Rf3 Kh8 33. Rf7 Kg8
34. Re7 Rxe7 35. dxe7 Re8 36. Bxe5 Nxe5 37. Rxe5 Kf7 38. Kf2 Rxe7 39. Rxe7+
Kxe7 40. Ke3 Ke6 41. Ke4 g5 42. g4 b5 43. c3 a4 44. a3 c4 45. h3 Kf6 46. Kd5
Ke7 47. Kc5 Kf6 48. Kxb5 Ke5 49. Kxc4 Ke4 50. Kb4 Kf3 51. c4 Kg3 52. c5 Kxh3
53. c6 Kxg4 54. c7 h5 55. c8=Q+ Kg3 56. Qf5 Kh4 57. Qf2+ Kh3 58. Qf3+ Kh4 59.
Kxa4 g4 60. Qh1+ Kg5 61. b4 h4 62. Qh2 h3 63. Qg3 Kh5 1-0